Ham mê trong bi kịch của Racine
v....v
Đã lưu trong:
| Tác giả chính: | |
|---|---|
| Định dạng: | Sách |
| Năm xuất bản: |
H.
Giáo dục
1998
|
| Chủ đề: | |
| Tags: |
Thêm thẻ
Không có thẻ, Hãy là người đầu tiên gắn thẻ bản ghi này!
|
| LEADER | 02549nam a2200289 4500 | ||
|---|---|---|---|
| 082 | |a 842 |b NG527V | ||
| 100 | |a Nguyễn Văn Chính | ||
| 245 | |a Ham mê trong bi kịch của Racine |c Nguyễn Văn Chính | ||
| 260 | |a H. |b Giáo dục |c 1998 | ||
| 300 | |a 176tr. |c 21cm | ||
| 520 | |a v....v | ||
| 653 | |a Văn học trung đại | ||
| 653 | |a Thế kỷ 17 | ||
| 653 | |a Pháp | ||
| 653 | |a Kịch | ||
| 942 | |2 ddc |c STK0 | ||
| 999 | |c 5981 |d 5981 | ||
| 952 | |0 0 |1 0 |2 ddc |4 0 |6 842_000000000000000_NG527V |7 0 |8 800 |9 54654 |a qbu |b qbu |c D5 |d 2015-01-07 |g 7000 |o 842 NG527V |p 3366.C1 |r 0000-00-00 |w 2015-01-07 |y STK0 |0 0 |6 842_000000000000000_NG527V |0 0 |6 842_000000000000000_NG527V | ||
| 952 | |0 0 |1 0 |2 ddc |4 0 |6 842_000000000000000_NG527V |7 0 |8 800 |9 54655 |a qbu |b qbu |c D5 |d 2015-01-07 |g 7000 |l 1 |o 842 NG527V |p 3366.C2 |r 2015-01-09 |s 2015-01-09 |w 2015-01-07 |y STK0 |0 0 |6 842_000000000000000_NG527V |0 0 |6 842_000000000000000_NG527V | ||
| 952 | |0 0 |1 0 |2 ddc |4 0 |6 842_000000000000000_NG527V |7 0 |8 800 |9 54656 |a qbu |b qbu |c D5 |d 2015-01-07 |g 7000 |o 842 NG527V |p 3366.C3 |r 0000-00-00 |w 2015-01-07 |y STK0 |0 0 |6 842_000000000000000_NG527V |0 0 |6 842_000000000000000_NG527V | ||
| 952 | |0 0 |1 0 |2 ddc |4 0 |6 842_000000000000000_NG527V |7 0 |8 800 |9 54657 |a qbu |b qbu |c D5 |d 2015-01-07 |g 7000 |o 842 NG527V |p 3366.C4 |r 0000-00-00 |w 2015-01-07 |y STK0 |0 0 |6 842_000000000000000_NG527V |0 0 |6 842_000000000000000_NG527V | ||
| 952 | |0 0 |1 0 |2 ddc |4 0 |6 842_000000000000000_NG527V |7 0 |8 800 |9 54658 |a qbu |b qbu |c D5 |d 2015-01-07 |g 7000 |o 842 NG527V |p 3366.C5 |r 0000-00-00 |w 2015-01-07 |y STK0 |0 0 |6 842_000000000000000_NG527V |0 0 |6 842_000000000000000_NG527V | ||
| 952 | |0 0 |1 0 |2 ddc |4 0 |6 842_000000000000000_NG527V |7 0 |8 800 |9 54659 |a qbu |b qbu |c D5 |d 2015-01-07 |g 7000 |o 842 NG527V |p 3366.C6 |r 0000-00-00 |w 2015-01-07 |y STK0 |0 0 |6 842_000000000000000_NG527V |0 0 |6 842_000000000000000_NG527V | ||
| 952 | |0 0 |1 0 |2 ddc |4 0 |6 842_000000000000000_NG527V |7 0 |8 800 |9 54660 |a qbu |b qbu |c D5 |d 2015-01-07 |g 7000 |o 842 NG527V |p 3366.C7 |r 0000-00-00 |w 2015-01-07 |y STK0 |0 0 |6 842_000000000000000_NG527V |0 0 |6 842_000000000000000_NG527V | ||
| 952 | |0 0 |1 0 |2 ddc |4 0 |6 842_000000000000000_NG527V |7 0 |8 800 |9 54661 |a qbu |b qbu |c D5 |d 2015-01-07 |g 7000 |o 842 NG527V |p 3366.C8 |r 0000-00-00 |w 2015-01-07 |y STK0 |0 0 |6 842_000000000000000_NG527V |0 0 |6 842_000000000000000_NG527V | ||
| 952 | |0 0 |1 0 |2 ddc |4 0 |6 842_000000000000000_NG527V |7 0 |8 800 |9 94065 |a qbu |b qbu |c D5 |d 2015-09-15 |g 7000 |o 842 NG527V |p 3366.c9 |r 0000-00-00 |w 2015-09-15 |y STK0 |0 0 |6 842_000000000000000_NG527V | ||
| 952 | |0 0 |1 0 |2 ddc |4 0 |6 842_000000000000000_NG527V |7 0 |8 800 |9 94066 |a qbu |b qbu |c D5 |d 2015-09-15 |g 7000 |o 842 NG527V |p 3366.c10 |r 0000-00-00 |w 2015-09-15 |y STK0 |0 0 |6 842_000000000000000_NG527V | ||